Biblioteka Instytutu Północnego w Olsztynie

Widok standardowy Widok MARC

Pozycja Corporate Name

Liczba rekordów, w których użyto hasła: 1

001 - Numer kontrolny

  • control field: 39405

003 - Identyfikator numeru kontrolnego

  • control field: NUKAT

005 - Data i czas ostatniej modyfikacji

  • control field: 20260401145103.0

008 - Dane kontrolne kodowane (40 znaków)

  • fixed length control field: 050119n||azznnbabn |a ana |

010 ## - Numer kontrolny Biblioteki Kongresu

  • numer kontrolny LC: p 2004435424

024 7# - OTHER STANDARD IDENTIFIER

  • Standard number or code: 138563242
  • Source of number or code: viaf

035 ## - Numer systemowy

  • numer systemowy: a16125988

035 ## - Numer systemowy

  • numer systemowy: (PL)a0000001612598

040 ## - Instytucja sporządzająca rekord

  • inst. przygot. dane do rek. khw: WA N/RZbn
  • język haseł przedmiotowych/tezaurus: DBN
  • inst. wprow. rek. khw: WA N/RZas

043 ## - Kod obszaru geograficznego

  • ISO code: PL

046 ## - Special dates

  • Establishment date: 1944
  • Termination date: 1954

110 2# - Hasło - nazwa ciała zbiorowego

  • nazwa ciała zbior. lub geogr. na pocz.: Ministerstwo Bezpieczeństwa Publicznego (Polska)

368 ## - Other Attributes

  • Corp type: Ministerstwo

370 ## - Associated place

  • Country: Polska

370 ## - Associated place

  • Residence/HQ: Warszawa (woj. mazowieckie)

372 ## - Field of activity

  • Field: Administracja rządowa

377 ## - Assoc lang

  • Lang code: pol

410 2# - Trop zob. - nazwa ciała zbiorowego

  • nazwa ciała zbior. lub geogr. na pocz.: MBP (Warszawa)

410 2# - Trop zob. - nazwa ciała zbiorowego

  • nazwa ciała zbior. lub geogr. na pocz.: Resort Bezpieczeństwa Publicznego

510 2# - Trop zob. też - nazwa ciała zbiorowego

  • nazwa ciała zbior. lub geogr. na pocz.: Ministerstwo Spraw Wewnętrznych (Polska ; 1954-1996)

510 2# - Trop zob. też - nazwa ciała zbiorowego

  • podpole kontrolne: h
  • nazwa ciała zbior. lub geogr. na pocz.: Areszt Wewnętrzny Ministerstwa Bezpieczeństwa Publicznego

510 2# - Trop zob. też - nazwa ciała zbiorowego

  • podpole kontrolne: h
  • nazwa ciała zbior. lub geogr. na pocz.: Departament Śledczy (Ministerstwo Bezpieczeństwa Publicznego ; Polska)

510 2# - Trop zob. też - nazwa ciała zbiorowego

  • podpole kontrolne: h
  • nazwa ciała zbior. lub geogr. na pocz.: Departament Więziennictwa i Obozów (Ministerstwo Bezpieczeństwa Publicznego ; Polska)

510 2# - Trop zob. też - nazwa ciała zbiorowego

  • podpole kontrolne: h
  • nazwa ciała zbior. lub geogr. na pocz.: Departament V (Ministerstwo Bezpieczeństwa Publicznego ; Polska)

510 2# - Trop zob. też - nazwa ciała zbiorowego

  • podpole kontrolne: h
  • nazwa ciała zbior. lub geogr. na pocz.: Departament X Ministerstwa Bezpieczeństwa Publicznego

510 2# - Trop zob. też - nazwa ciała zbiorowego

  • podpole kontrolne: h
  • nazwa ciała zbior. lub geogr. na pocz.: Centralna Szkoła Ministerstwa Bezpieczeństwa Publicznego

550 ## - Trop zob. też - nazwa pospolita

  • nazwa posp. lub nazwa geogr. na pocz.: Akcja X (1948)

550 ## - Trop zob. też - nazwa pospolita

  • nazwa posp. lub nazwa geogr. na pocz.: Ministerstwo Sprawiedliwości (Warszawa ; budynki)

550 ## - Trop zob. też - nazwa pospolita

  • nazwa posp. lub nazwa geogr. na pocz.: Księża patrioci

670 ## - Źródło informacji

  • źródło informacji: LHP

670 ## - Źródło informacji

  • źródło informacji: NEP
Biblioteka Instytutu Północnego, ul. Partyzantów 87, 10-402 Olsztyn, email: biblioteka(at)ip.olsztyn.pl